Organization of scholarly communication services /

Explores how research institutions are currently organizing staff to support scholarly communication services, and whether their organizational structures have changed since 2007, when Association of Research Libraries member libraries were surveyed about their scholarly communication education init...

Full description

Bibliographic Details
Main Author: Radom, Rachel
Corporate Author: Association of Research Libraries
Other Authors: Feltner-Reichert, Melanie, Stringer-Stanback, Kynita
Format: Book
Language:English
Published: Washington, DC : Association of Research Libraries, [2012]
Series:SPEC kit ; 332.
Subjects:
Online Access:http://publications.arl.org/Organization-of-Scholarly-Communication-Services-SPEC-Kit-332/

MARC

Tag First Indicator Second Indicator Subfields
LEADER 00000cam a2200000Ia 4500
001 in00002784557
005 20151202171845.0
008 121213s2012 dcua b 000 0 eng d
020 |a 9781594078897 
020 |a 1594078890 
035 |a (OCoLC)ocn821047302 
040 |a YPM  |c YPM  |d UtOrBLW 
049 |a TXAM 
090 |a Z675.U5  |b S68 no.332 
100 1 |a Radom, Rachel. 
245 1 0 |a Organization of scholarly communication services /  |c Rachel Radom, Melanie Feltner-Reichert, kynita stringer-stanback. 
264 1 |a Washington, DC :  |b Association of Research Libraries,  |c [2012] 
264 4 |c ©2012 
300 |a 173 pages :  |b illustrations ;  |c 28 cm. 
336 |a text  |b txt  |2 rdacontent 
337 |a unmediated  |b n  |2 rdamedia 
338 |a volume  |b nc  |2 rdacarrier 
490 1 |a SPEC kit,  |x 0160-3582 ;  |v 332 
500 |a "November 2012." 
504 |a Includes bibliographical references (pages 169-173). 
520 |a Explores how research institutions are currently organizing staff to support scholarly communication services, and whether their organizational structures have changed since 2007, when Association of Research Libraries member libraries were surveyed about their scholarly communication education initiatives. Covers who leads scholarly communication efforts inside and outside the library, the scholarly communication related services that are offered to researchers, and which staff support those services. Looks at how the library measures the success of its scholarly communication services, including demonstrable outcomes of these services. Includes position descriptions for library leaders of scholarly communication efforts, charges for SC committees, organization charts, descriptions of SC services, assessment tools, open access policies, and SC resolutions. 
650 0 |a Communication in learning and scholarship  |z United States. 
650 0 |a Communication in learning and scholarship  |z Canada. 
650 0 |a Libraries and scholars  |z United States. 
650 0 |a Libraries and scholars  |z Canada. 
650 0 |a Academic libraries  |z United States  |x Administration. 
650 0 |a Academic libraries  |z Canada  |x Administration. 
700 1 |a Feltner-Reichert, Melanie. 
700 1 |a Stringer-Stanback, Kynita. 
710 2 |a Association of Research Libraries. 
830 0 |a SPEC kit ;  |v 332. 
856 4 0 |u http://publications.arl.org/Organization-of-Scholarly-Communication-Services-SPEC-Kit-332/  |t 0 
948 |a cataloged  |b h  |c 2013/1/2  |d c  |e ceaton  |f 2:47:55 pm 
994 |a C0  |b TXA 
999 |a MARS 
999 f f |s 88b757d3-5883-3aaf-a3b8-cb217c988bb9  |i b58f2e6a-b905-3e9b-808f-6d7fb650daf4  |t 0 
952 f f |p normal  |a Texas A&M University  |b College Station  |c Sterling C. Evans Library  |d Evans: Library Stacks  |t 0  |e Z675.U5 S68 no.332  |h Library of Congress classification  |i unmediated -- volume  |m A14841623783 
952 f f |p normal  |a Texas A&M University  |b College Station  |c Sterling C. Evans Library  |d Evans: Library Stacks  |t 0  |e Z675.U5 S68 no.332  |h Library of Congress classification  |i unmediated -- volume  |m A14841657025 
998 f f |a Z675.U5 S68 no.332  |t 0  |l Evans: Library Stacks 
998 f f |a Z675.U5 S68 no.332  |t 0  |l Evans: Library Stacks